| 000 | 00772cam a2200241 i 4500 | ||
|---|---|---|---|
| 001 | 4663667 | ||
| 005 | 20180104040653.0 | ||
| 008 | 801023s1980 dcu b 000 0 eng | ||
| 010 | _a 80026012 | ||
| 020 | _a030903096X (pbk.) | ||
| 040 |
_aDLC _cDLC _dDLC |
||
| 041 | _aeng | ||
| 043 | _an-us--- | ||
| 080 | _a001.422 BRU | ||
| 082 | 0 | 0 |
_a001.422 BRU _219 |
| 100 | _a42 | ||
| 101 | _aGJE | ||
| 245 | 1 | 0 |
_aEstimating population and income of small areas / _cPanel on Small-Area Estimates of Population and Income, Committee on National Statistics, Assembly of Behavioral and Social Sciences, National Research Council. |
| 504 | _aIncludes bibliographies. | ||
| 740 | 0 | _aSmall areas. | |
| 906 |
_a7 _bcbc _corignew _d1 _eocip _f19 _gy-gencatlg |
||
| 942 |
_2ddc _cBK |
||
| 999 |
_c39663 _d39663 |
||